Flaggen Ozeaniens - Invertiert - Statistiken

Allgemein
  • Dieses Quiz wurde 39 mal gespielt
  • Das Durchschnittsergebnis liegt bei 13 aus 14
Antwortstatistiken
Bildquiz Antwort % Korrekt
Australien
100%
Neuseeland
100%
Papua-Neuguinea
97%
Kiribati
94%
Fidschi
92%
Mikronesien
92%
Tuvalu
92%
Nauru
89%
Samoa
89%
Tonga
89%
Vanuatu
89%
Marshallinseln
86%
Salomonen
86%
Palau
83%
Keine übereinstimmenden Quizze gefunden
Verteilung der Resultate
Anzahl Personen mit jedem Resultat
Perzentil nach korrekt beantworteten Fragen
Ihre Resultats-Entwicklung
Sie haben dieses Quiz noch nicht gespielt